000 00667nam a2200193Ia 4500
008 151121s9999||||xx |||||||||||||| ||und||
082 _a801।7/पाटण
082 _bHNW-55962
100 _aपाटणकर रा। भा।
245 _aसौदर्य-मीमांसा
260 _b"कॉन्टिनेंन्टल प्रकाशन,पुणे।"
260 _c--
300 _a226
600 _aपाटणकर रा। भा।
630 _aसौदर्य-मीमांसा
700 _aपाटणकर रा। भा।
730 _aसौदर्य-मीमांसा
942 _cBOOK
999 _c1238656
_d1238653